Erfolgreichste Wii-Spiele nach Hauptschurken - Statistiken

Allgemein
  • Dieses Quiz wurde 17 mal gespielt
  • Das Durchschnittsergebnis liegt bei 5 aus 16
Antwortstatistiken
Bildquiz Antwort % Korrekt
LEGO Star Wars: Die komplette Saga
87%
New Super Mario Bros. Wii / Super Mario Galaxy / Mario Party 8 / Super Mario Galaxy 2 / Mario Party 9 / Super Mario All-Stars: 25th Anniversary Edition
73%
Super Smash Bros. Brawl
47%
Donkey Kong Country Returns
40%
Super Paper Mario
33%
The Legend of Zelda: Skyward Sword
33%
Mario & Sonic bei den Olympischen Winterspielen / Sonic Colors
27%
Metroid Prime 3: Corruption
27%
The Legend of Zelda: Twilight Princess
27%
Kirby’s Adventure Wii
20%
Kirby und das magische Garn
20%
Micky Epic
20%
Resident Evil 4
20%
WarioWare: Smooth Moves
20%
Guitar Hero III: Legends of Rock
7%
Resident Evil: The Umbrella Chronicles
0%
Keine übereinstimmenden Quizze gefunden
Verteilung der Resultate
Anzahl Personen mit jedem Resultat
Perzentil nach korrekt beantworteten Fragen
Ihre Resultats-Entwicklung
Sie haben dieses Quiz noch nicht gespielt